00923nam a22002777a 450000500170000001000110001702000100002803500110003803700160004904000120006508200160007710000280009324500440012125000120016526000520017727000580022930000330028749000600032050000190038065000270039965000200042670000300044694200250047699900190050195201250052020170124110009.0 a993218 c00.00 a993218 bCen Lib/Ret aDPLbEN a330.15bHAN aHansen, Alvin H.917435 aA guide to keynes /cby Alvin H. Hansen aTMH ed. aNew DelhibMcGraw-Hill Publishing Companyc1980 a5/33, Kriti Nagar Industrial AreabNew Delhie1100015 axiii, 237p. :c20cm(Hb)bill aEconomics handbook series ; edited by Seymour E. Harris aIncludes index aEconomic history96496 aCommerce980107 aHarris, Seymour E.980108 2ddccENh330.15mHAN c126401d126401 00104070aLbLd2015-06-25eCen Lib/Ret g0.00l0o330.15 HANp993218r2015-06-25 00:00:00t1v0.00w2015-06-25yEN